[Event "CZE-chT U20 Extraliga West 1415"]
[Site "Czech Republic"]
[Date "2015.01.24"]
[Round "7.5"]
[White "Benesova, Martina"]
[Black "Sejak, Michal"]
[Result "0-1"]
[WhiteElo "1520"]
[BlackElo "1659"]
[PlyCount "114"]
[EventDate "2014.10.11"]
[EventType "team-tourn"]
[EventRounds "11"]
[EventCountry "CZE"]
[SourceTitle "EXT 2021"]
[Source "ChessBase"]
[SourceDate "2020.10.23"]
[SourceVersion "1"]
[SourceVersionDate "2020.10.23"]
[SourceQuality "1"]
[WhiteTeam "Most Chess (U20)"]
[BlackTeam "Klatovy (U20)"]
[WhiteTeamCountry "CZE"]
[BlackTeamCountry "CZE"]

1. e4 c5 2. Nf3 Nc6 3. d4 cxd4 4. Nxd4 g6 5. Be3 Bg7 6. Be2 Nf6 7. Nc3 0-0 8. 0-0 d5 9. Nxc6 bxc6 10. e5 Nd7 11. f4 e6 12. Kh1 Qa5 13. a3 Ba6 14. b4 Bxe2 15. Qxe2 Qc7 16. Na4 Nb6 17. Nb2 Rfc8 18. Rf3 Bf8 19. Rg3 c5 20. bxc5 Bxc5 21. c3 Bxe3 22. Rxe3 Nc4 23. Rh3 Nxb2 24. Qxb2 Rab8 25. Qd2 Qb6 26. Rg1 Qb2 27. Qd4 Qxa3 28. c4 Qc5 29. Qxc5 Rxc5 30. cxd5 Rxd5 31. Ra3 a5 32. Rga1 Rdb5 33. g3 Rb1+ 34. Rxb1 Rxb1+ 35. Kg2 Rb5 36. Ra2 Kf8 37. Kf3 Ke7 38. Ke4 h5 39. Kd4 Rd5+ 40. Kc4 f6 41. exf6+ Kxf6 42. Kb3 e5 43. fxe5+ Rxe5 44. Ka4 Kg5 45. h4+ Kg4 46. Ra3 Rf5 47. Rc3 Rf3 48. Rc4+ Kxg3 49. Kxa5 Rf4 50. Rc6 Kg4 51. Rc3 Kxh4 52. Kb5 g5 53. Kc5 Re4 54. Kd5 Re8 55. Ra3 g4 56. Ra4 Kh3 57. Ra3+ g3 0-1

[Event "CZE-chT2A 1415"]
[Site "Czech Republic"]
[Date "2014.11.30"]
[Round "3.8"]
[White "Misicko, Jan"]
[Black "Sejak, Michal"]
[Result "0-1"]
[WhiteElo "2036"]
[BlackElo "1659"]
[PlyCount "84"]
[EventDate "2014.11.02"]
[EventType "team-tourn"]
[EventRounds "11"]
[EventCountry "CZE"]
[SourceTitle "EXT 2022"]
[Source "ChessBase"]
[SourceDate "2021.10.06"]
[SourceVersion "1"]
[SourceVersionDate "2021.10.06"]
[SourceQuality "1"]
[WhiteTeam "Kladno"]
[BlackTeam "Kozolupy"]
[WhiteTeamCountry "CZE"]
[BlackTeamCountry "CZE"]

1. c4 c5 2. g3 Nc6 3. Bg2 g6 4. Nc3 Bg7 5. e4 e6 6. Nge2 Nge7 7. 0-0 d6 8. d3 Nd4 9. Nxd4 Bxd4 10. Bh6 Nc6 11. Rb1 a6 12. Ne2 Bf6 13. a3 Bg5 14. Bg7 Rg8 15. Bc3 Bf6 16. d4 cxd4 17. Nxd4 Nxd4 18. Bxd4 Bxd4 19. Qxd4 Ke7 20. Rfd1 Qc7 21. Rbc1 Rd8 22. e5 dxe5 23. Qh4+ Ke8 24. Qxh7 Bd7 25. Re1 Bc6 26. Bxc6+ Qxc6 27. Rxe5 b5 28. Qh8+ Ke7 29. Qh4+ Ke8 30. Re2 bxc4 31. Qxc4 Rd1+ 32. Rxd1 Qxc4 33. Red2 Rb8 34. b4 Rb5 35. Rd7 Rd5 36. R7xd5 exd5 37. h4 d4 38. Kg2 d3 39. Kf3 Qc2 40. Re1+ Kf8 41. Ke3 d2 42. Re2 Qc3+ 0-1

[Event "Czech Fed-ch U16"]
[Site "Hrdonov"]
[Date "2013.11.02"]
[Round "9"]
[White "Mackova, Veronika"]
[Black "Sejak, Michal"]
[Result "0-1"]
[WhiteElo "1760"]
[BlackElo "1629"]
[PlyCount "66"]
[EventDate "2013.10.26"]
[EventType "swiss"]
[EventRounds "9"]
[EventCountry "CZE"]
[SourceTitle "EXT 2016"]
[Source "ChessBase"]
[SourceDate "2015.10.08"]
[SourceVersion "1"]
[SourceVersionDate "2015.10.08"]
[SourceQuality "1"]

1. d4 Nf6 2. c4 g6 3. Nc3 Bg7 4. e4 d6 5. f4 0-0 6. Nf3 Nfd7 7. Be3 c6 8. Be2 e5 9. fxe5 dxe5 10. d5 cxd5 11. cxd5 Nb6 12. 0-0 f5 13. Bg5 Bf6 14. Bxf6 Qxf6 15. Nb5 fxe4 16. Nd2 Qd8 17. Rxf8+ Qxf8 18. Nxe4 Bf5 19. Nc7 Bxe4 20. Nxa8 Nxa8 21. Rc1 Nb6 22. d6 Bd5 23. a3 Qxd6 24. Bf3 Nc6 25. b4 Nd4 26. Bxd5+ Nxd5 27. Rc8+ Kg7 28. Rc5 b6 29. Rc1 Nf4 30. Kh1 Qd5 31. Qg4 h5 32. Qg5 Nde6 33. Qg3 Ne2 0-1

[Event "CZE Czechia-ch U12"]
[Site "Harrachov"]
[Date "2009.10.27"]
[Round "4"]
[White "Pychova, Nela"]
[Black "Sejak, Michal"]
[Result "1-0"]
[WhiteElo "1595"]
[BlackElo "1000"]
[PlyCount "155"]
[EventDate "2009.10.24"]
[EventType "swiss"]
[EventRounds "9"]
[EventCountry "CZE"]
[SourceTitle "EXT 2012"]
[Source "ChessBase"]
[SourceDate "2011.11.24"]
[SourceVersion "1"]
[SourceVersionDate "2011.11.24"]
[SourceQuality "1"]

1. e4 c5 2. Nf3 Nc6 3. Bb5 e6 4. d3 a6 5. Bxc6 dxc6 6. Nbd2 b5 7. Nf1 g6 8. Be3 Nf6 9. Bg5 Be7 10. Qc1 Ng4 11. Bf4 c4 12. dxc4 bxc4 13. h3 e5 14. Nxe5 Qa5+ 15. Bd2 Qxe5 16. hxg4 Qxe4+ 17. Ne3 Be6 18. f3 Qf4 19. Kf1 Qd6 20. Bc3 Rg8 21. Rxh7 Bg5 22. Ke2 f5 23. gxf5 gxf5 24. Qd1 Rd8 25. Qxd6 Rxd6 26. Rg7 Rxg7 27. Bxg7 Rd7 28. Bc3 f4 29. Nd1 Rh7 30. Nf2 Rh2 31. Rg1 Bf5 32. Ne4 Be7 33. Bd4 Kd7 34. Kf2 Ke6 35. Rd1 Rh8 36. Bxh8 c5 37. Bg7 Bg6 38. Bh6 Ke5 39. Bg7+ Ke6 40. Re1 Bh4+ 41. g3 fxg3+ 42. Nxg3+ Kf7 43. Be5 Bxc2 44. Bd6 Bf6 45. Be5 Bd8 46. Rc1 Bd3 47. Ne4 Ke6 48. Bh8 Kd5 49. Rd1 Kc6 50. Nc3 Bh4+ 51. Kg2 Bc2 52. Rh1 Bg5 53. Rh5 Bc1 54. Kg3 Bxb2 55. Rh2 Bxc3 56. Bxc3 Bd3 57. f4 Kd7 58. Rh5 Ke6 59. Rxc5 Kf7 60. Ra5 Ke6 61. Rxa6+ Kf5 62. Kf3 Be4+ 63. Ke3 Bd5 64. a4 Kg4 65. Rf6 Kh5 66. a5 Kg4 67. a6 Kh5 68. a7 Kg4 69. Rf8 Kh5 70. a8Q Bxa8 71. Rxa8 Kg6 72. Ra5 Kf7 73. Ra6 Kf8 74. Ra7 Ke8 75. Ke4 Kf8 76. Ke5 Ke8 77. Ke6 Kf8 78. Ra8# 1-0